[Event "Levis Bonne Annee"]
[Site "Levis"]
[Date "2000.01.07"]
[Round "1"]
[White "Auger, Bertrand"]
[Black "Saint Onge, Roland"]
[Result "1-0"]
[WhiteElo "2040"]
[BlackElo "1755"]
[PlyCount "102"]
[EventDate "2000.01.07"]
[EventType "swiss"]
[EventRounds "5"]
[EventCountry "CAN"]
[SourceTitle "EXT 2022"]
[Source "ChessBase"]
[SourceDate "2021.10.06"]
[SourceVersion "1"]
[SourceVersionDate "2021.10.06"]
[SourceQuality "1"]

1. Nf3 c5 2. g3 Nc6 3. c4 Nf6 4. Bg2 d6 5. 0-0 Bg4 6. b3 Qd7 7. Re1 g6 8. Bb2 Bg7 9. d3 0-0 10. Nbd2 e5 11. Qc2 Bh3 12. Bh1 h6 13. Rad1 Rae8 14. e3 Bf5 15. a3 Na5 16. Ne4 g5 17. Nfd2 g4 18. Nxf6+ Bxf6 19. Ne4 Bg7 20. Bc3 Nc6 21. b4 cxb4 22. axb4 Bh7 23. Qb2 f5 24. Nd2 h5 25. b5 Ne7 26. f4 Ng6 27. Ra1 a6 28. bxa6 bxa6 29. Bd5+ Kh8 30. Rxa6 Bg8 31. Bc6 Qc8 32. Rea1 Re7 33. Bg2 Qc5 34. d4 exd4 35. Bxd4 Bxd4 36. exd4 Qc7 37. Rc6 Qb8 38. Rb6 Qc7 39. Rb7 Qd8 40. d5+ Kh7 41. Raa7 Bf7 42. Nf1 Rxb7 43. Rxb7 Qc8 44. Ne3 Kg8 45. Bf1 Re8 46. Qb6 Nf8 47. Rc7 Qd8 48. Nxf5 Qf6 49. Nxd6 Re1 50. Rxf7 Qa1 51. Qf2 Rb1 1-0